00281 a2200121 4500001000700000020000600007040001100013100002100024240004800045245004300093362000900136440001400145168840 a  cMagnum aPieroni, Gerlado10aOs degredados na colonizacao do brasillpor10aOs degredados na colonizacao do brasil0 a1899 1aThesaurus